Spomienky slovenského vojaka

Bibliographic Details
Main Author: Tarabčáková, Edita (Author)
Format: Article
Language:Slovak
ISSN:1335-3470
Subjects:
Online Access:http://www.kultura-fb.sk/new/old/archive/pdf/kult0809.pdf

MARC

LEADER 00000nab a2200000 a 4500
001 vtls010041049
003 SK-MaSNL
005 20260304183413.0
008 250708c2009 xo mr|p||||||||00 ||slo
015 |a SNBRB2010/01  |2 snkbucl 
035 |a (uuid)dfeb73ef-1fe4-4126-a975-0bcf24f2e10a 
035 |a urn:nbn:sk:snk-ab962q 
035 |a (urnnbn)urn:nbn:sk:snk:ar-0070ri 
038 |a SNKBUCL 
040 |a SNKBUCL  |b slo  |c SNKBUCL  |e AACR2 
041 0 |a slo 
044 |a xo  |c SK 
080 |a 355.3  |x (437.6)  |x "1941/1942"  |2 2001 
080 |a 94(100)"1939/1945"  |2 2001 
100 1 |a Tarabčáková, Edita  |4 aut  |9 279826 
245 1 0 |a Spomienky slovenského vojaka  |c Edita Tarabčáková 
610 1 7 |a Slovensko.  |b Armáda  |2 snkbucl  |9 116379 
648 7 |a 1941-1942  |2 snkbucl  |9 280915 
650 0 7 |a druhá svetová vojna (1939-1945)  |2 snkbucl  |9 169657 
650 0 7 |a spomienky  |2 snkbucl  |9 55795 
651 7 |a Sovietsky zväz  |2 snkbucl  |9 22126 
651 7 |a Vasiľkovo (Rusko)  |2 snkbucl  |9 1515248 
773 0 |t Kultúra  |g Roč. XII, č. 8 (2009), s. 12  |x 1335-3470 
850 |a Slovenská národná knižnica 
852 |a Slovenská národná knižnica 
856 4 1 |u http://www.kultura-fb.sk/new/old/archive/pdf/kult0809.pdf 
954 |a odborná, vedecká literatúra pôvodná (slovenská)  |2 lita 
958 |a article13 
958 |a OND 
958 |a EUIPO 
999 |c 3034626  |d 3036556